[Event "XLII Rilton Cup"]
[Site "Stockholm SWE"]
[Date "2012.12.29"]
[Round "3.38"]
[White "Azizi,H"]
[Black "Savola,L"]
[Result "0-1"]
[WhiteElo "2174"]
[BlackElo "2079"]

1.Nf3 d5 2.g3 g6 3.Bg2 Bg7 4.O-O Nf6 5.d3 O-O 6.Nbd2 c6 7.e4 Qc7 8.Re1 Rd8
9.e5 Nfd7 10.Qe2 Nf8 11.h3 c5 12.c3 Nc6 13.Nf1 Ne6 14.a3 b5 15.g4 Rb8 16.a4 b4
17.Ng3 Ba6 18.h4 bxc3 19.bxc3 Rb3 20.Ra3 Rxa3 21.Bxa3 Nf4 22.Qe3 Nxg2 23.Kxg2 d4
24.cxd4 Nxd4 25.Ng5 Nc2 26.Qc1 Nxe1+ 27.Qxe1 Bxe5 28.N5e4 Rxd3 29.Bxc5 Bb7
30.Qb1 Qd7 31.f3 h6 32.Nf2 Rd2 33.Ne4 Re2 34.Kf1 Rb2 35.Qc1 Qxa4 36.Bxe7 Qb5+
37.Kg2 Bxe4 38.Qxh6 Bxf3+  0-1

[Event "29th Travemuender Schach-Open"]
[Site "Travemuende GER"]
[Date "2012.12.29"]
[Round "5.4"]
[White "Laqua,C"]
[Black "Mainka,R"]
[Result "0-1"]
[WhiteElo "2139"]
[BlackElo "2431"]

1.g3 d5 2.Nf3 c6 3.Bg2 Bg4 4.d3 e6 5.Nbd2 Nd7 6.O-O Bd6 7.b3 Ne7 8.Bb2 O-O
9.c4 a5 10.a3 Rc8 11.Rc1 Ng6 12.Rc2 Re8 13.Qa1 Bf8 14.h3 Bxf3 15.Bxf3 Qb6
16.Rfc1 Red8 17.Bc3 Qa7 18.Ra2 Ne7 19.b4 Nf5 20.e3 a4 21.c5 Nb8 22.Re1 b6
23.cxb6 Qxb6 24.Qd1 Qa7 25.Ba1 c5 26.e4 dxe4 27.dxe4 Nd4 28.Qb1 Nbc6 29.b5 Ne5
30.Bd1 Rb8 31.f4 Rxb5 32.Rb2 Rxb2 33.Bxb2 Nec6 34.Nc4 Rb8 35.Qd3 Be7 36.Bc3 h6
37.h4 Bd8 38.Kg2 Bc7 39.e5 Qa6 40.Kh3 Rd8 41.Nb2 Qxd3 42.Nxd3 Nb5  0-1

[Event "36th Zurich Christmas Open"]
[Site "Zuerich SUI"]
[Date "2012.12.29"]
[Round "5.2"]
[White "Pelletier,Y"]
[Black "Grachev,B"]
[Result "1/2-1/2"]
[WhiteElo "2604"]
[BlackElo "2688"]

1.Nf3 d5 2.g3 c6 3.Bg2 Bg4 4.c4 e6 5.O-O Nd7 6.cxd5 exd5 7.h3 Bh5 8.d3 Ngf6
9.Nc3 Bc5 10.Qc2 O-O 11.e3 Bxf3 12.Bxf3 Qe7 13.Ne2 a5 14.Bg2 Rfe8 15.b3 Ba3
16.Nd4 g6 17.Rb1 Nf8 18.Bb2 Bxb2 19.Qxb2 Ne6 20.Nxe6 Qxe6 21.Rfe1 Nd7 22.e4 dxe4
23.dxe4 Nc5 24.Rbd1 Red8 25.Qc2 Qe7 26.Rd2 Ne6 27.Red1 Rxd2 28.Rxd2 Rd8 29.Qc3 Rxd2
30.Qxd2 Qc5 31.h4 Kg7 32.Kh2 h5 33.f4 b6 34.e5 Nd4 35.Qe3 Kf8 36.Qd3 Ke7
37.Qa6 Qc2 38.Kh3 Qf5+ 39.Kh2 Qc2 40.Kh3 Qf5+ 41.Kh2 Qc2  1/2-1/2

[Event "36th Zurich Christmas Open"]
[Site "Zuerich SUI"]
[Date "2012.12.29"]
[Round "6.5"]
[White "Bauer,Ch"]
[Black "Bogner,S"]
[Result "1-0"]
[WhiteElo "2627"]
[BlackElo "2562"]

1.Nf3 d5 2.g3 Nf6 3.Bg2 g6 4.c4 Bg7 5.cxd5 Nxd5 6.Nc3 O-O 7.O-O Nb6 8.d4 Nc6
9.d5 Na5 10.e4 c6 11.Re1 Bg4 12.h3 Bxf3 13.Qxf3 cxd5 14.exd5 Nac4 15.Bg5 Re8
16.b3 Nd6 17.Rad1 Rc8 18.Ne4 Qd7 19.h4 Rc2 20.a4 Nbc8 21.Qd3 Rc7 22.Kh2 Nxe4
23.Qxe4 Nd6 24.Qe2 Bc3 25.Bh3 Qd8 26.Rh1 Bf6 27.Bf4 Rc3 28.Rd3 Qb6 29.Rxc3 Bxc3
30.Rc1 Bf6 31.a5 Qxa5 32.Bxd6 Qxd5 33.Bc5 Qxb3 34.Bxa7 b5 35.Bc5 e6 36.Qd1 Qa2
37.Qf3 Kg7 38.h5 Be5 39.h6+ Kg8 40.Qc6 Rb8 41.Bd4 Bxd4 42.Qc8+  1-0

[Event "XXIII Krakow Open"]
[Site "Krakow POL"]
[Date "2012.12.30"]
[Round "5.21"]
[White "Wieczorek,O"]
[Black "Kumor,L"]
[Result "1-0"]
[WhiteElo "2316"]
[BlackElo "2123"]

1.Nf3 d5 2.g3 Nf6 3.Bg2 e6 4.O-O Be7 5.c4 c6 6.b3 O-O 7.Bb2 b6 8.d3 Bb7 9.Nbd2 c5
10.cxd5 exd5 11.d4 Na6 12.Ne5 Rc8 13.Rc1 cxd4 14.Bxd4 Nc5 15.e3 Ba6 16.Re1 Nd3
17.Nxd3 Bxd3 18.Bh3 Rxc1 19.Qxc1 Bb4 20.a3 Bd6 21.Qc3 Ba6 22.b4 Qe7 23.Rc1 Bb7
24.Rb1 Rb8 25.a4 Qd8 26.Rc1 Qe7 27.b5 Bb4 28.Bxf6 gxf6 29.Qd4 Bc5 30.Qf4 Qe5
31.Nb3 Qxf4 32.gxf4 Bd6 33.Rd1 Rd8 34.Bg2 Bb4 35.Nd4 Rc8 36.Nf5 Rd8 37.Bf3 Rd7
38.h4 Rd8 39.Kh2 Bf8 40.Re1 Rc8 41.Rd1 Rd8 42.h5 Kh8 43.Kg3 Bc5 44.Kh4 Bb4
45.Nd4 Rc8 46.Ne2 Rd8 47.Kg3 Rg8+ 48.Kh2 Rd8 49.Kg1 Kg8 50.Kf1 a6 51.e4 d4
52.Rxd4 Rxd4 53.Nxd4 axb5 54.axb5 Bd2 55.f5 Kg7 56.Ke2 Bf4 57.Kd3 Kf8 58.Bd1 Ke7
59.Bb3 Bc8 60.Bd5 Bd7 61.Kc4 Kd6 62.Bxf7 Be5 63.Ne2 h6 64.Nc1 Bf4 65.Nd3 Be5
66.Nb4 Kc7 67.Nd5+ Kb7 68.Bg6  1-0

[Event "Hilton Master Open 2013"]
[Site "Basel SUI"]
[Date "2013.01.02"]
[Round "3.2"]
[White "Heimann,An"]
[Black "Grachev,B"]
[Result "0-1"]
[WhiteElo "2489"]
[BlackElo "2688"]

1.Nf3 d5 2.g3 c6 3.Bg2 Bg4 4.c4 e6 5.cxd5 exd5 6.d3 Nf6 7.O-O Nbd7 8.h3 Bxf3
9.Bxf3 Bc5 10.Nc3 O-O 11.Bg2 Re8 12.e4 dxe4 13.dxe4 Ne5 14.Bg5 h6 15.Bxf6 Qxd1
16.Rfxd1 gxf6 17.Rac1 Bb6 18.Na4 Rad8 19.Nxb6 axb6 20.Rxd8 Rxd8 21.f4 Ng6
22.Rc2 Nf8 23.Kf2 Ne6 24.Ke3 Kf8 25.Rd2 Ra8 26.a3 Ke7 27.Bf3 Nc5 28.Bg4 b5
29.Bf5 Ra7 30.g4 Na4 31.Kd4 Ra8 32.Ke3 Nb6 33.Kf3 Nc4 34.Rd7+ Kf8 35.Rxb7 Nxb2
36.Bd7 Rxa3+ 37.Ke2 Nd3 38.Bxc6 Nxf4+ 39.Kd2 Nxh3 40.Rxb5 Nf2 41.Rb8+ Kg7
42.Bd7 Nxe4+ 43.Ke2 Nd6 44.Rb6 Nc4 45.Rb4 Rc3 46.Bf5 Ne5 47.Ra4 Rh3 48.Kf2 Rb3
49.Kg2 Rc3 50.Rd4 Nf3 51.Rd5 Nh4+ 52.Kh2 Re3 53.Bb1 Ng6 54.Bf5 Ne7 55.Rd2 h5  0-1

[Event "16th New Year Open"]
[Site "Guben GER"]
[Date "2013.01.02"]
[Round "2"]
[White "Sergeev,Vl"]
[Black "Jandke,M"]
[Result "1-0"]
[WhiteElo "2469"]
[BlackElo "2131"]

1.Nf3 d5 2.g3 Nf6 3.Bg2 e6 4.O-O Be7 5.c4 O-O 6.b3 b6 7.Bb2 Bb7 8.e3 Nbd7
9.Qe2 a5 10.Nc3 dxc4 11.bxc4 a4 12.Rab1 Nc5 13.d4 Nce4 14.Rfd1 a3 15.Ba1 Nxc3
16.Bxc3 Ne4 17.Ba1 Ra4 18.c5 Qa8 19.Ne1 f5 20.f3 Nf6 21.cxb6 cxb6 22.Rxb6 Bd5
23.Nd3 Nd7 24.Rbb1 Rc8 25.e4 fxe4 26.fxe4 Bc4 27.d5 Nc5 28.Qg4 Bf8 29.Nxc5 Rxc5
30.Qxe6+ Kh8 31.Qe5 Rc8 32.Rd2 Qa7+ 33.Kh1 Rb4 34.Rxb4 Bxb4 35.Rc2 Bf8 36.Qd4 Qa4
37.Rc1 Bd3 38.Qxg7+  1-0

[Event "25th Staufer Open"]
[Site "Schwaebisch Gmuend GER"]
[Date "2013.01.02"]
[Round "1.7"]
[White "Gutman,L"]
[Black "Kirsch,M"]
[Result "1-0"]
[WhiteElo "2481"]
[BlackElo "1916"]

1.Nf3 d5 2.g3 Nf6 3.Bg2 c6 4.O-O Bf5 5.d3 Nbd7 6.c4 e5 7.cxd5 cxd5 8.d4 e4
9.Ne5 Bd6 10.Bf4 Qb6 11.Nc3 O-O 12.Nxd7 Bxd7 13.Be5 Be6 14.Na4 Qd8 15.Qb3 b6
16.Bxf6 Qxf6 17.e3 Rfd8 18.Nc3 Bf8 19.Rac1 Rac8 20.Ne2 g6 21.Nf4 Bg7 22.Rxc8 Rxc8
23.f3 Qe7 24.fxe4 dxe4 25.Nxe6 Qxe6 26.Qxe6 fxe6 27.Bxe4 Bh6 28.Kf2 Rf8+
29.Bf3 e5 30.dxe5 Rf5 31.e6 Kf8 32.Rd1 Re5 33.Rd8+ Ke7 34.Rd7+ Kxe6 35.Rxh7 Bxe3+
36.Kg2 a5 37.h4 Rc5 38.Be4 Kf6 39.Kf3 Bc1 40.Rb7 Rb5 41.b3 Rb4 42.Rc7 g5
43.Rxc1  1-0

[Event "16th Bad Zwesten Open"]
[Site "Bad Zwesten GER"]
[Date "2013.01.03"]
[Round "2.7"]
[White "Schnelting,Michael"]
[Black "Simon,Th"]
[Result "1-0"]
[WhiteElo "2071"]
[BlackElo "1955"]

1.g3 d5 2.Nf3 e6 3.Bg2 f5 4.O-O Nf6 5.d3 c6 6.c4 Nbd7 7.Nc3 Bd6 8.e4 O-O
9.exf5 exf5 10.cxd5 cxd5 11.Nd4 Nb6 12.a4 Be5 13.Nf3 Bxc3 14.bxc3 Be6 15.Qb3 Kh8
16.Re1 Bg8 17.Nd4 Re8 18.Bf4 Qd7 19.a5 Nc8 20.Qb4 Ne7 21.Be5 Nc6 22.Nxc6 bxc6
23.Bxf6 gxf6 24.Rxe8 Rxe8 25.a6 Bf7 26.Rb1 Qe6 27.Qd4 Re7 28.h4 Bh5 29.Rb8+ Kg7
30.Rb7 Rxb7 31.axb7 Qe1+ 32.Kh2 f4 33.Qxf4  1-0

[Event "Hilton Master Open 2013"]
[Site "Basel SUI"]
[Date "2013.01.04"]
[Round "5.29"]
[White "Lutz,B"]
[Black "Duessel,U"]
[Result "1-0"]
[WhiteElo "2348"]
[BlackElo "2228"]

1.Nf3 d5 2.g3 Nf6 3.Bg2 c5 4.O-O Nc6 5.d4 e6 6.c4 dxc4 7.Qa4 Bd7 8.Qxc4 cxd4
9.Nxd4 Rc8 10.Nc3 Nxd4 11.Qxd4 Bc5 12.Qh4 Bc6 13.Bg5 Bxg2 14.Kxg2 Qd4 15.Bxf6 gxf6
16.Qh6 Bf8 17.Qh5 f5 18.e4 fxe4 19.Qb5+ Qd7 20.Qe5 f6 21.Qxf6 Bg7 22.Nxe4 Rf8
23.Qh4 Rc2 24.Rad1 Bd4 25.Qh5+ Rf7 26.Nf6+  1-0

[Event "25th Staufer Open"]
[Site "Schwaebisch Gmuend GER"]
[Date "2013.01.04"]
[Round "5.2"]
[White "Gutman,L"]
[Black "Zubarev,Al1"]
[Result "0-1"]
[WhiteElo "2481"]
[BlackElo "2595"]

1.Nf3 d5 2.g3 c6 3.Bg2 Bg4 4.O-O Nd7 5.d3 e6 6.c4 Bd6 7.Qb3 Qb6 8.Qc2 Ne7
9.Be3 Qa6 10.Nd4 e5 11.Nb3 d4 12.Bc1 O-O 13.e3 dxe3 14.fxe3 Nc5 15.Nc3 Rad8
16.Nxc5 Bxc5 17.Ne4 Qb6 18.Kh1 Bf5 19.b4 Bxe4 20.Bxe4 Qxb4 21.Rb1 Qa5 22.Rxb7 f5
23.Bg2 Qa6 24.Rb3 Qc8 25.Ba3 Bxa3 26.Rxa3 Qc7 27.Qa4 Rd7 28.d4 exd4 29.exd4 Rxd4
30.Qxa7 Qe5 31.Ra5 Qf6 32.Qc5 f4 33.Ra3 g5 34.g4 Rfd8 35.Ra7 R8d6 36.h3 Rd1
37.Ra3 Rxf1+ 38.Bxf1 Rd1 39.Rf3 Ng6 40.Qf2  0-1

[Event "25th Staufer Open"]
[Site "Schwaebisch Gmuend GER"]
[Date "2013.01.04"]
[Round "6.22"]
[White "Koop,Tho"]
[Black "Lemke,J"]
[Result "1/2-1/2"]
[WhiteElo "2147"]
[BlackElo "2011"]

1.Nf3 d5 2.g3 Bf5 3.Bg2 e6 4.O-O Nf6 5.d3 c6 6.Nbd2 Nbd7 7.Qe1 h6 8.e4 Bh7
9.e5 Ng8 10.Qe2 c5 11.c4 Ne7 12.b3 Qc7 13.Bb2 d4 14.b4 Nc6 15.bxc5 Bxc5 16.Nb3 Ncxe5
17.Rad1 Nxf3+ 18.Qxf3 Rb8 19.Nxd4 O-O 20.Nb5 Qa5 21.Qg4 Bg6 22.Be4 h5 23.Qg5 Qd8
24.Qf4 a6 25.d4 Be7 26.Nc3 Qb6 27.Rd2 Bxe4 28.Nxe4 Qa5 29.d5 f5 30.Nc3 e5
31.Qf3 Qc5 32.Qxh5 Qxc4 33.d6 Bd8 34.Nd5 Rf7 35.Rfd1 Qb5 36.Qg6 Nf8 37.Qh5 Qd7
38.Bxe5 Rc8 39.Nf4 Rc6 40.Nd3 Qe6 41.Re2 Qg6 42.Qf3 Nd7 43.Nf4 Qh6 44.Qd5 Rc5
45.Qd4 g5 46.Nd5 Rh7 47.f4 Qh5 48.Rde1 Qf7 49.Ne7+ Kf8 50.Kh1 Rc4 51.Qd3 gxf4
52.Bxf4 Rc5 53.Nxf5 Qxf5 54.Qxf5+ Rxf5 55.Re8+ Kg7 56.Rxd8 Nc5 57.Re7+ Rf7
58.Rxf7+ Kxf7 59.Rc8 Ne6 60.Be5 Rh5 61.Bc3 Rd5 62.Rb8 Rxd6 63.Rxb7+ Kg6 64.a4 Rd3
65.Bb2 Kf5 66.Rb4 a5 67.Rb5+ Kg4 68.Re5 Ng5 69.h4 Kh3 70.Kg1 Nf3+ 71.Kf2 Nxe5
72.Bxe5 Kg4 73.Bc7 Rd5 74.Bb6 Rf5+ 75.Kg2 Rf3 76.Bc7 Ra3 77.Bxa5 Rxg3+ 78.Kf2 Ra3
79.Bd8 Rxa4 80.Ke3 Kf5 81.Bb6 Rxh4 82.Bc7 Rc4 83.Bb8 Rc8 84.Bd6 Ke6  1/2-1/2

[Event "11th Parsvnath Open"]
[Site "New Delhi IND"]
[Date "2013.01.05"]
[Round "1.39"]
[White "Anurag,M"]
[Black "Bharathi,R"]
[Result "1-0"]
[WhiteElo "2399"]
[BlackElo "2101"]

1.Nf3 d5 2.g3 Nf6 3.Bg2 c5 4.O-O Nc6 5.d4 e6 6.c4 cxd4 7.Nxd4 Bc5 8.Nb3 Be7
9.cxd5 Nxd5 10.e4 Nf6 11.Qe2 e5 12.Rd1 Qc7 13.Nc3 O-O 14.Be3 Bg4 15.f3 Be6
16.Nd5 Bxd5 17.exd5 Nb4 18.Rac1 Qd8 19.d6 Bxd6 20.Qc4 Na6 21.Qd3 Bb4 22.Qb5 Qe7
23.a3 Bd6 24.Na5 Nc7 25.Qxb7 Ncd5 26.Qxe7 Bxe7 27.Bf2 Bd8 28.Nc4 Re8 29.Rd2 Bc7
30.Rcd1 Nb6 31.Ne3 Red8 32.Bf1 Rxd2 33.Rxd2 e4 34.Rc2 Be5 35.Kg2 g6  1-0

[Event "11th Parsvnath Open"]
[Site "New Delhi IND"]
[Date "2013.01.05"]
[Round "1.49"]
[White "Mohota,N"]
[Black "Aradhya,Garg"]
[Result "1-0"]
[WhiteElo "2335"]
[BlackElo "1942"]

1.Nf3 d5 2.g3 Nf6 3.Bg2 c6 4.O-O Bg4 5.c4 e6 6.cxd5 cxd5 7.Ne5 Bf5 8.d4 Bd6
9.Qa4+ Nc6 10.Bf4 Bxe5 11.dxe5 Nd7 12.e4 Nb6 13.Qd1 dxe4 14.Nd2 Qd5 15.Re1 Nxe5
16.Nxe4 Qxd1 17.Rexd1 Bxe4 18.Bxe4 Nc6 19.Rac1 O-O 20.Bxc6 bxc6 21.Rxc6 Nd5
22.Bd6 Rfc8 23.Rdc1 Rxc6 24.Rxc6 a5 25.a4 f6 26.Kf1 Kf7 27.Ke2 Ra7 28.Ba3 e5
29.Rd6 Ne7 30.Rb6 Nf5 31.Bc5 Rd7 32.Rb5 Nd4+ 33.Bxd4 Rxd4 34.b3 Ke6 35.Rxa5 Rb4
36.Ra7 g5 37.Rxh7 Rxb3  1-0

[Event "11th Parsvnath Open"]
[Site "New Delhi IND"]
[Date "2013.01.06"]
[Round "3.10"]
[White "Anurag,M"]
[Black "Shyam,SM"]
[Result "0-1"]
[WhiteElo "2399"]
[BlackElo "2501"]

1.Nf3 d5 2.g3 Nf6 3.c4 e6 4.Bg2 Be7 5.O-O O-O 6.Qc2 d4 7.d3 c5 8.e4 Nc6 9.Qe2 e5
10.Nh4 g6 11.Na3 a6 12.f4 exf4 13.gxf4 Nxe4 14.Nxg6 fxg6 15.dxe4 Rb8 16.Bd2 b5
17.Rae1 b4 18.Nb1 Bh4 19.Rd1 d3 20.Qe3 Nd4 21.f5 gxf5 22.Qxd3 Rb6 23.Be3 Rg6
24.Bxd4 cxd4 25.exf5 Rxg2+ 26.Kxg2 Qg5+ 27.Kh1 Bb7+ 28.Rf3 Qxf5 29.Rg1+ Kh8
30.Qxd4+ Bf6  0-1

[Event "11th Parsvnath Open"]
[Site "New Delhi IND"]
[Date "2013.01.07"]
[Round "4.14"]
[White "Czebe,A"]
[Black "Phoobalan,P"]
[Result "1/2-1/2"]
[WhiteElo "2494"]
[BlackElo "2328"]

1.Nf3 d5 2.g3 c6 3.Bg2 Bg4 4.h3 Bh5 5.O-O Nd7 6.d3 Ngf6 7.Qe1 e5 8.e4 Bxf3
9.Bxf3 dxe4 10.dxe4 Bc5 11.b4 Bd6 12.Na3 Qe7 13.Rb1 a5 14.Nc4 Bxb4 15.c3 Qe6
16.Qe2 Bc5 17.Rxb7 Qxh3 18.Be3 O-O 19.Rd1 h5 20.Bxc5 Nxc5 21.Re7 Rfe8 22.Bg2 Qg4
23.Qxg4 hxg4 24.Rxe5 Ncxe4 25.Rxe8+ Rxe8 26.Re1 Nxc3 27.Rxe8+ Nxe8 28.Bxc6 Nc7
29.a3 a4 30.Bd7 Kf8 31.Bxg4  1/2-1/2

[Event "Margaryan Mem 2013"]
[Site "Yerevan ARM"]
[Date "2013.01.10"]
[Round "3.5"]
[White "Benidze,D"]
[Black "Harutyunian,T"]
[Result "1/2-1/2"]
[WhiteElo "2524"]
[BlackElo "2358"]

1.Nf3 d5 2.g3 c6 3.Bg2 Bg4 4.c4 Nf6 5.O-O e6 6.d3 Nbd7 7.Nc3 Bd6 8.cxd5 cxd5
9.e4 O-O 10.h3 Bxf3 11.Bxf3 d4 12.Nb5 Bc5 13.a4 a6 14.Na3 b5 15.axb5 axb5
16.Bd2 Ne5 17.Be2 b4 18.Nc2 Qb6 19.Rxa8 Rxa8 20.Na1 Bf8 21.Nb3 Nc6 22.Qc2 Na5
23.Ra1 Ra7 24.Rc1 Nxb3 25.Qxb3 Rc7 26.Rxc7 Qxc7 27.Qa4 Nd7 28.Kg2 Nb6 29.Qe8 Qc8
30.Qxc8 Nxc8 31.Kf1 Nb6 32.Bd1 Bd6 33.Ke2 Kf8 34.Bb3 Ke7 35.f4 f6 36.Kd1 e5
37.Kc2 h6 38.f5 Nd7 39.g4 Nc5 40.Bd5 Kd7 41.Bxb4 Nxe4 42.Ba5 Nc5 43.b4 Na4
44.Kb3 Nc3 45.Be6+ Kc6 46.Kc4 Na4 47.b5+ Kb7 48.Bd8 Ba3 49.Kd5 Nb6+ 50.Ke4 Na4
51.Bc4 Bb4 52.b6 Nxb6 53.Bxb6 Kxb6 54.Kd5 Bd2 55.Ke6  1/2-1/2

[Event "Margaryan Mem 2013"]
[Site "Yerevan ARM"]
[Date "2013.01.10"]
[Round "3,4"]
[White "Azaladze,S"]
[Black "Zilka,S"]
[Result "1-0"]
[WhiteElo "2471"]
[BlackElo "2529"]

1.Nf3 d5 2.g3 c6 3.Bg2 Bg4 4.O-O Nd7 5.d3 e6 6.e4 Bd6 7.Nbd2 Ne7 8.h3 Bh5
9.d4 O-O 10.c4 a5 11.Re1 a4 12.exd5 cxd5 13.cxd5 Nxd5 14.Nc4 Bb4 15.Bd2 N7b6
16.Nce5 Qd6 17.a3 Bxd2 18.Qxd2 Rac8 19.Rac1 Rfd8 20.Rxc8 Rxc8 21.Rc1 Rxc1+
22.Qxc1 f6 23.Nd3 Be8 24.Nc5 Bc6 25.Nd2 Kf7 26.Qc2 g6 27.h4 Ne7 28.Nxb7 Bxb7
29.Bxb7 Qxd4 30.Ne4 Ned5 31.Bc6 Ke7 32.Bb5 Kf7 33.Nc5 f5 34.Nxa4 Nxa4 35.Bxa4 f4
36.Kh2 h5 37.Bb3 fxg3+ 38.fxg3 Nf6 39.Kg2 Qb6 40.Qc4 Ng4 41.Kh3 Nf2+ 42.Kg2 Ng4
43.Qf4+ Kg7 44.Qf3 Ne3+ 45.Kf2 Nf5+ 46.Ke1 Qg1+ 47.Kd2 Nd4 48.Qc3 e5 49.Bd1 Qf2+
50.Kc1 Kf6 51.a4 Kf5 52.a5 Qf1 53.Qe3 Ke6 54.Kd2 Qg2+ 55.Kc1 Qc6+ 56.Qc3 Qa6
57.Bb3+ Nxb3+ 58.Qxb3+ Kf5 59.Qf3+ Ke6 60.b4 Ke7 61.Kb2 Qc4 62.Qc3 Qe2+ 63.Qc2 Qe1
64.Qc5+ Kd7 65.Qc3 Qe2+ 66.Qc2 Qe1  1-0

[Event "Australian Open 2013"]
[Site "Cammeray AUS"]
[Date "2013.01.11"]
[Round "9.13"]
[White "Boyd,T"]
[Black "Davis,T2"]
[Result "1-0"]
[WhiteElo "2306"]
[BlackElo "1945"]

1.Nf3 d5 2.g3 Nc6 3.c4 Bg4 4.Bg2 e6 5.cxd5 exd5 6.O-O Qd7 7.a3 h5 8.Re1 Bd6
9.Nc3 Nce7 10.d4 f6 11.e4 dxe4 12.Nxe4 h4 13.Qb3 hxg3 14.fxg3 O-O-O 15.Ne5 Be6
16.Nxd6+ cxd6 17.Bxb7+ Qxb7 18.Qxe6+ Kb8 19.Nf7  1-0

[Event "TCh-AUT 2 West 2012-13"]
[Site "Bregenz AUT"]
[Date "2013.01.12"]
[Round "7.3"]
[White "Anistratov,D"]
[Black "Tabernig,B"]
[Result "1/2-1/2"]
[WhiteElo "2338"]
[BlackElo "2327"]

1.Nf3 d5 2.g3 Nf6 3.Bg2 c6 4.O-O Bf5 5.d3 Nbd7 6.c4 e6 7.Nc3 Bc5 8.Na4 Be7
9.Qb3 Nb6 10.Be3 Nfd7 11.Nxb6 axb6 12.Bd4 O-O 13.Rfe1 Bg6 14.cxd5 exd5 15.a3 Re8
16.Rac1 Nc5 17.Bxc5 Bxc5 18.d4 Bd6 19.Nh4 Ra5 20.Nxg6 hxg6 21.Rc3 Rb5 22.Qc2 Qf6
23.b4 Qxd4 24.Rxc6 Bxb4 25.Rc8 Rxc8 26.Qxc8+ Bf8 27.Qxb7 Bxa3 28.Qa8+ Bf8
29.Bf3 Qc3 30.Rd1 Qc2 31.Rd3 Rb1+ 32.Kg2 Qc1 33.Bxd5 Qh1+ 34.Kh3 Qf1+ 35.Bg2 Qxe2
36.Rd4 Qh5+ 37.Rh4 Qf5+ 38.Rg4 Qxf2 39.Rf4 Qe2 40.Qd5 Qe8 41.Bf1 Re1 42.Bc4 Qe6+
43.Qxe6 fxe6 44.Bd3 g5 45.Rf3 Be7 46.Bg6 b5 47.Rf7 Bf8 48.Rb7 b4 49.Kg4 Rf1  1/2-1/2

[Event "TCh-FIN SM 2012-13"]
[Site "Helsinki FIN"]
[Date "2013.01.12"]
[Round "8.2"]
[White "Sepp,O"]
[Black "Sulskis,S"]
[Result "1/2-1/2"]
[WhiteElo "2446"]
[BlackElo "2564"]

1.Nf3 d5 2.g3 c6 3.Bg2 Bg4 4.O-O Nd7 5.d3 e5 6.c4 dxc4 7.dxc4 Ngf6 8.Qc2 Bc5
9.h3 Bxf3 10.Bxf3 O-O 11.Nc3 Re8 12.Bg2 Qe7 13.Na4 Bd6 14.a3 a5 15.Rd1 Nc5
16.Be3 Nxa4 17.Qxa4 Bc5 18.Bxc5 Qxc5 19.Rac1 h5 20.h4 g6 21.e3 Red8 22.Qb3 b6
23.Qc3 a4 24.Qb4 e4 25.Qc3 Qf5 26.Rd2 Rxd2 27.Qxd2 Ng4 28.Qc2 Re8 29.Rd1 c5
30.Rd5 Qf6 31.Rd2 Qe5 32.Rd5 Qf6 33.Rd2 Qe5  1/2-1/2

[Event "Prague Open A 2013"]
[Site "Prague CZE"]
[Date "2013.01.12"]
[Round "4.23"]
[White "Gokhale,C"]
[Black "Simecek,B"]
[Result "1-0"]
[WhiteElo "2252"]
[BlackElo "2106"]

1.Nf3 d5 2.g3 Nf6 3.Bg2 c6 4.O-O Bf5 5.d3 h6 6.Nbd2 e6 7.b3 Be7 8.Bb2 O-O
9.Ne5 Nbd7 10.e4 Bh7 11.Nxd7 Nxd7 12.Qe2 Bf6 13.e5 Be7 14.f4 b5 15.g4 b4
16.a3 Qb6+ 17.Kh1 a5 18.a4 c5 19.f5 Rfe8 20.Rad1 Rac8 21.Qf3 Kh8 22.Qg3 Qd8
23.f6 gxf6 24.exf6 Bf8 25.Nf3 Qc7 26.Ne5 Nxe5 27.Bxe5 Qb6 28.Qe3 Red8 29.Bf4 Bd6
30.Bxh6 Bf8 31.Rf3 Qd6 32.Rh3 Rc7 33.Qg5  1-0

[Event "38th Seville Open"]
[Site "Seville ESP"]
[Date "2013.01.12"]
[Round "2.12"]
[White "Ortega Valle,J"]
[Black "Das,Arg"]
[Result "0-1"]
[WhiteElo "2088"]
[BlackElo "2466"]

1.Nf3 d5 2.g3 Nc6 3.Bg2 e5 4.d3 g6 5.O-O Bg7 6.Nbd2 Nge7 7.e4 O-O 8.Re1 Re8
9.h3 h6 10.exd5 Nxd5 11.Nc4 Nb6 12.Nxb6 axb6 13.a3 Be6 14.Nh2 f5 15.Rb1 Ba2
16.Ra1 Bf7 17.g4 Qd7 18.Bd2 Rad8 19.Bc3 Qc8 20.Qf3 Kh7 21.h4 Be6 22.g5 hxg5
23.hxg5 Kg8 24.Nf1 Rd7 25.Qg3 Nd4 26.Bxd4 Rxd4 27.Nh2 c6 28.c3 Rd7 29.Rad1 Qd8
30.Nf3 e4 31.Nh4 Bf7 32.Bf1 Be5 33.f4 exf3 34.Rxe5 Rxe5 35.Qxe5 Qxg5+ 36.Kf2 Qxh4+
37.Qg3 Qxg3+ 38.Kxg3 g5 39.d4 Kg7 40.Re1 Kf6 41.Kxf3 Bd5+ 42.Kf2 f4 43.Bg2 Bxg2
44.Kxg2 Re7 45.Rh1 g4 46.Rh6+ Kg5 47.Rh8 Re2+  0-1

[Event "4NCL 2012-13"]
[Site "Staverton ENG"]
[Date "2013.01.12"]
[Round "3.172"]
[White "Cooper,J"]
[Black "Dorrington,C"]
[Result "0-1"]
[WhiteElo "2343"]
[BlackElo "2307"]

1.Nf3 d5 2.g3 Nf6 3.Bg2 g6 4.c4 c6 5.b3 Bg7 6.Bb2 O-O 7.O-O Nbd7 8.d4 Ne4
9.Nc3 f5 10.cxd5 Nxc3 11.Bxc3 cxd5 12.Rc1 Nf6 13.Bd2 Be6 14.Bf4 Rc8 15.Rxc8 Qxc8
16.Qd3 Nh5 17.Be5 Bh6 18.e3 Qc6 19.b4 Rc8 20.Qa3 a6 21.b5 axb5 22.Qxe7 Bf8
23.Qh4 Qe8 24.Ne1 Be7 25.Qh3 g5 26.Bh1 Ra8 27.Nd3 g4 28.Qg2 Rxa2 29.h3 b4
30.hxg4 fxg4 31.e4 Ra5 32.Re1 b3 33.Nc5 b2 34.Nxe6 Ra1 35.Qf1 Qa4 36.exd5 Rxe1
37.Qxe1 Qa1 38.Qxa1 bxa1=Q+ 39.Kh2 Qe1 40.Bg2 Nf6  0-1

[Event "TCh-BEL 2012-13"]
[Site "Belgium BEL"]
[Date "2013.01.13"]
[Round "7.1"]
[White "Khairullin,I"]
[Black "Ringoir,T"]
[Result "1-0"]
[WhiteElo "2632"]
[BlackElo "2460"]

1.Nf3 d5 2.g3 c6 3.Bg2 Bg4 4.O-O Nd7 5.d3 e5 6.e4 dxe4 7.dxe4 Ngf6 8.Nbd2 Be7
9.Qe1 O-O 10.Nc4 Qc7 11.Ne3 Bh5 12.Nf5 Nc5 13.Nxe7+ Qxe7 14.Nh4 Ne6 15.f3 Qc5+
16.Rf2 Qb6 17.b3 a5 18.Be3 Qb4 19.c3 Qa3 20.Rd1 Rfd8 21.Rxd8+ Rxd8 22.Rd2 Ra8
23.Nf5 b5 24.h4 Bg6 25.Bf2 Nf8 26.Ne3 a4 27.Qd1 axb3 28.axb3 Qa1 29.c4 Qxd1+
30.Rxd1 N6d7 31.cxb5 cxb5 32.Nd5 f6 33.Bh3  1-0

[Event "TCh-BEL 2012-13"]
[Site "Belgium BEL"]
[Date "2013.01.13"]
[Round "7.3"]
[White "Zaragatski,I"]
[Black "Claesen,P"]
[Result "1-0"]
[WhiteElo "2471"]
[BlackElo "2347"]

1.Nf3 d5 2.g3 Nf6 3.Bg2 c6 4.O-O Bf5 5.c4 e6 6.d3 Be7 7.Be3 dxc4 8.dxc4 Qxd1
9.Rxd1 Nbd7 10.Nc3 h6 11.Nd4 Bg6 12.Nb3 Ng4 13.Bf4 O-O-O 14.h3 Ngf6 15.Rac1 Nb6
16.c5 Rxd1+ 17.Nxd1 Nbd5 18.Be5 Rg8 19.a3 Nd7 20.Bd6 Bxd6 21.cxd6 Rd8 22.e4 N5f6
23.Nc3 Ne8 24.Rd1 Nb6 25.e5 Bc2 26.Nc5 Bxd1 27.Nxd1 Nxd6 28.exd6 Rxd6 29.Ne3 Rd2
30.b3 Nd7 31.Ne4 Rd3 32.Nc4 Rxb3 33.Ned6+ Kc7 34.Nxf7 Rc3 35.Ncd6 Nf6 36.a4 Ra3
37.f4 Rxg3 38.f5 exf5 39.Nxf5 Ra3 40.Nxg7 h5 41.Ne6+ Kd7 42.Nc5+ Ke7 43.Nh6 b6
44.Nf5+ Kd8 45.Ne6+ Kd7 46.Nf8+ Ke8 47.Ne6 c5 48.Bc6+ Kf7 49.Nf4 Nh7 50.Kf2 Ng5
51.Ne3 h4 52.Bd5+ Kf6 53.Bc6 Ra2+ 54.Kf1 Ke5 55.Ng6+ Kd6 56.Bb5 a6 57.Bxa6 Rxa4
58.Bb5 Re4 59.Nxh4 Nxh3 60.Ke2 Nf4+ 61.Kf3 Rb4 62.Bc4 Ne6  1-0

[Event "TCh-AUT 2 West 2012-13"]
[Site "Bregenz AUT"]
[Date "2013.01.13"]
[Round "8.2"]
[White "Platzgummer,F"]
[Black "Geske,J"]
[Result "1/2-1/2"]
[WhiteElo "2304"]
[BlackElo "2401"]

1.Nf3 d5 2.g3 c6 3.Bg2 Nf6 4.O-O Bf5 5.d3 e6 6.Nfd2 h6 7.e4 Bh7 8.Nc3 Be7
9.f4 O-O 10.Qe2 a5 11.Nf3 Na6 12.h3 Nc5 13.e5 Nfd7 14.a4 f6 15.Kh2 Qc7 16.Bd2 fxe5
17.fxe5 Rf7 18.g4 Rxf3 19.Bxf3 Nxe5 20.Kh1 Nxf3 21.Qxf3 Bd6 22.g5 hxg5 23.Bxg5 e5
24.Qg4 Re8 25.Ne2 Ne6 26.Bd2 e4 27.d4 e3 28.Bxe3 Bxc2 29.Nf4 Nxf4 30.Bxf4 Re4
31.Bxd6 Rxg4 32.Bxc7 Be4+ 33.Kh2 Rg2+ 34.Kh1  1/2-1/2

[Event "Australian Open 2013"]
[Site "Cammeray AUS"]
[Date "2013.01.13"]
[Round "11.3"]
[White "Xie,G"]
[Black "Zhao Zong Yuan"]
[Result "0-1"]
[WhiteElo "2382"]
[BlackElo "2537"]

1.Nf3 d5 2.g3 Nf6 3.Bg2 c6 4.O-O Bg4 5.d4 e6 6.Nbd2 Nbd7 7.Re1 Be7 8.c3 O-O
9.h3 Bf5 10.Nh4 Be4 11.f3 Bg6 12.Nxg6 hxg6 13.e4 dxe4 14.fxe4 e5 15.Nc4 Qc7
16.a4 Rad8 17.Qb3 Rfe8 18.a5 b5 19.axb6 axb6 20.Rf1 b5 21.Nd2 Bd6 22.g4 Nf8
23.Ra6 Ne6 24.Qa2 exd4 25.e5 Bxe5 26.Rxc6 Qb8 27.Nf3 d3 28.Qa6 Nf4 29.Bxf4 Bxf4
30.g5 Be3+ 31.Kh1 Ne4  0-1

[Event "TCh-CZE Div1 Zapad 2012-13"]
[Site "Czech Republic CZE"]
[Date "2013.01.13"]
[Round "5.7"]
[White "Neckar,L"]
[Black "Novotny,Jar1"]
[Result "1-0"]
[WhiteElo "2360"]
[BlackElo "2165"]

1.Nf3 d5 2.g3 c6 3.Bg2 Bg4 4.O-O Nd7 5.c4 e6 6.cxd5 cxd5 7.Qa4 Nf6 8.Nc3 Be7
9.Ne5 Bh5 10.e4 O-O 11.Nxd7 Nxd7 12.exd5 Nc5 13.Qd4 Bg6 14.Qe3 Nd3 15.Be4 Nb4
16.dxe6 f5 17.Bb1 f4 18.gxf4 Bd3 19.a3 Bxb1 20.axb4 Bd3 21.Re1 a6 22.Ra5 b5
23.Ra3 Rf6 24.Ne4 Rg6+ 25.Kh1 Bc4 26.f5 Rg4 27.d3 Bd5 28.Bd2 Bg5 29.Qf3 Bxd2
30.Qxg4 Bxe1 31.Kg1 Bxe4 32.dxe4 Bxb4 33.Rg3 Bf8 34.e5 Rc8 35.f6 Qd5 36.Rf3 Qxe5
37.e7 Rc1+ 38.Kg2 g6 39.f7+ Kg7 40.e8=Q  1-0

[Event "TCh-CZE Div1 Vychod 2012-13"]
[Site "Czech Republic CZE"]
[Date "2013.01.13"]
[Round "5.5"]
[White "Zabystrzan,P"]
[Black "Fuksik,J"]
[Result "1-0"]
[WhiteElo "2302"]
[BlackElo "2169"]

1.Nf3 d5 2.g3 Nf6 3.Bg2 Bg4 4.c4 c6 5.Qc2 e6 6.b3 Be7 7.Bb2 O-O 8.d3 Bh5
9.Nbd2 a5 10.a3 Qb6 11.O-O Rd8 12.Rfc1 c5 13.cxd5 exd5 14.Rab1 Nbd7 15.e3 Rac8
16.e4 h6 17.Re1 dxe4 18.dxe4 Nf8 19.Nc4 Qb5 20.a4 Qa6 21.Nh4 Bg6 22.Nxg6 Nxg6
23.e5 Nh7 24.e6 Nhf8 25.exf7+ Kxf7 26.Qf5+ Kg8 27.Bd5+  1-0